| 000 | 00357cam a2200121 4500 | ||
|---|---|---|---|
| 001 | L136698 | ||
| 008 | 070215n2007 000 0 eng u | ||
| 020 | _a9781841408590 | ||
| 035 | _a(Sirsi) u136698 | ||
| 245 | _aFinancial reporting standard: financial reporting standard for smaller entities (effective January 2007) | ||
| 260 |
_aASB _c2007 |
||
| 942 | _n0 | ||
| 999 |
_c106475 _d106475 |
||